000 00538nam a2200193Ia 4500
003 LDD
008 181029s9999 xx 000 0 und d
020 _a9780415375498
_c795.00
040 _cLDD
100 _aDahlerup, Drude
245 0 _aWomen, quotas and politics
_cDrude Dahlerup
260 _aLondon
_bRoutledge
_c2006
300 _axii, 312p.
365 _b795.00
901 _a8004
_b07-12-2011
902 _aIN1431
_b13-12-2011
_cF
_dTBB
_eFTF
903 _aDiscount-15
_bReqst by : Savita Singh
942 _2ddc
_cBK
999 _c99845
_d99845